[Event "VII Festival Magistrale"]
[Site "Montecatini Terme ITA"]
[Date "1998.08.03"]
[Round "3"]
[White "Mantovani, Renzo"]
[Black "Petrovic, Silvije"]
[Result "0-1"]
[WhiteElo "2380"]
[BlackElo "2170"]
[PlyCount "72"]
[EventDate "1998.08.01"]

1.e4 d5 2.Nc3 d4 3.Nce2 e5 4.Nf3 f6 5.Ng3 Be6 6.Bb5+ c6 7.Ba4 g6 8.h4 h5 
9.Bb3 Qd7 10.O-O c5 11.d3 Nc6 12.c3 Nh6 13.cxd4 cxd4 14.Nh2 Ng4 15.f3 Ne3 
16.Bxe6 Qxe6 17.Bxe3 dxe3 18.Ne2 O-O-O 19.Rc1 Kb8 20.a3 g5 21.hxg5 fxg5 
22.Qc2 Be7 23.Rfd1 Nd4 24.Nxd4 exd4 25.g3 Bd6 26.Qg2 Rc8 27.Nf1 Rxc1 28.
Rxc1 Rc8 29.Rxc8+ Qxc8 30.Qe2 Qh3 31.Qe1 b6 32.a4 h4 33.gxh4 g4 34.Qe2 Bg3
35.Nxe3 dxe3 36.Qxe3 Qh2+ 0-1

[Event "VII Festival Magistrale"]
[Site "Montecatini Terme ITA"]
[Date "1998.08.03"]
[Round "3"]
[White "Martinez Martin, David"]
[Black "Jansa, Vlastimil"]
[Result "0-1"]
[WhiteElo "2285"]
[BlackElo "2490"]
[PlyCount "119"]
[EventDate "1998.08.01"]

1.d4 d6 2.e4 Nf6 3.f3 e5 4.dxe5 dxe5 5.Qxd8+ Kxd8 6.Bc4 Ke8 7.Be3 Nbd7 8.
Ne2 Bc5 9.Kf2 Ke7 10.Nd2 a5 11.c3 Bxe3+ 12.Kxe3 Nb6 13.Nc1 Ne8 14.Be2 Nd6 
15.c4 Be6 16.b3 Nd7 17.Nd3 b6 18.Rhc1 c5 19.a4 f6 20.Nb1 Nb8 21.Nc3 Nc6 
22.Nd5+ Bxd5 23.cxd5 Nd4 24.Rc3 Rae8 25.Re1 Kd7 26.Nb2 f5 27.Nc4 Kc7 28.
Bd3 g6 29.Kf2 Rhf8 30.exf5 Nxc4 31.bxc4 gxf5 32.Bb1 Re7 33.Rce3 Kd6 34.f4 
e4 35.g4 fxg4 36.Rxe4 Ref7 37.Kg3 h5 38.Rg1 Rf6 39.Re5 Rh6 40.Rg5 Ne2+ 41.
Kh4 Nxf4 42.Rf5 Rxf5 43.Bxf5 Ne2 44.Kg5 Rh8 45.Rb1 Nd4 46.Rxb6+ Ke5 47.Bd7
Nf3+ 48.Kg6 Nxh2 49.Re6+ Kd4 50.d6 Nf3 51.Be8 Nh4+ 52.Kg7 Rxe8 53.Rxe8 
Nf5+ 54.Kf6 Nxd6 55.Rd8 g3 56.Rxd6+ Kxc4 57.Ke5 Kb4 58.Kd5 c4 59.Kd4 h4 
60.Rg6 0-1

[Event "VII Festival Magistrale"]
[Site "Montecatini Terme ITA"]
[Date "1998.08.03"]
[Round "3"]
[White "Palac, Mladen"]
[Black "Castrogiovanni, Carlo"]
[Result "1-0"]
[WhiteElo "2560"]
[BlackElo "2045"]
[PlyCount "53"]
[EventDate "1998.08.01"]

1.e4 c5 2.Nf3 Nc6 3.d4 cxd4 4.Nxd4 Nf6 5.Nc3 e5 6.Ndb5 d6 7.Nd5 Nxd5 8.
exd5 Nb8 9.Be3 a6 10.Na3 Qa5+ 11.c3 b5 12.Be2 Bf5 13.O-O Nd7 14.c4 b4 15.
Nc2 Nc5 16.b3 Be7 17.Bd2 Bxc2 18.Qxc2 Qb6 19.a3 bxa3 20.b4 Nd7 21.Rxa3 O-O
22.Rfa1 Ra7 23.Be3 Qb7 24.Bxa7 Qxa7 25.Rxa6 Qd4 26.Rd1 Qh4 27.Ra7 1-0

[Event "VII Festival Magistrale"]
[Site "Montecatini Terme ITA"]
[Date "1998.08.03"]
[Round "3"]
[White "Rupp, Markus"]
[Black "Rotstein, Arkadij"]
[Result "0-1"]
[WhiteElo "2235"]
[BlackElo "2515"]
[PlyCount "34"]
[EventDate "1998.08.01"]

1.d4 f5 2.e4 fxe4 3.Nc3 Nf6 4.Bg5 c6 5.f3 d5 6.fxe4 dxe4 7.Bc4 Nbd7 8.Nge2
Qa5 9.Qd2 b5 10.Bb3 b4 11.Nd1 Ba6 12.Bf4 e5 13.dxe5 Nxe5 14.Ne3 Rd8 15.Nd4
Ng6 16.Nef5 c5 17.Nc6 Rxd2 0-1

[Event "VII Festival Magistrale"]
[Site "Montecatini Terme ITA"]
[Date "1998.08.03"]
[Round "3"]
[White "Sarno, Spartaco"]
[Black "Farago, Ivan"]
[Result "0-1"]
[WhiteElo "2365"]
[BlackElo "2530"]
[PlyCount "80"]
[EventDate "1998.08.01"]

1.Nf3 Nf6 2.g3 d5 3.Bg2 c6 4.O-O Bg4 5.b3 e6 6.Bb2 Nbd7 7.d3 Be7 8.c4 O-O 
9.Nbd2 a5 10.a3 Re8 11.Qc2 Bf8 12.Rfe1 e5 13.Nf1 Qb6 14.Rad1 d4 15.e4 Nc5 
16.N1d2 g6 17.Rb1 Na6 18.Kh1 Nh5 19.Ng1 Qd8 20.Bc1 b5 21.Rf1 b4 22.a4 Nc5 
23.Ndf3 Bd6 24.Ne1 Qc7 25.Qd2 Bd7 26.Bh3 Bxh3 27.Nxh3 Qd7 28.Kg2 f5 29.
exf5 gxf5 30.Qh6 Ng7 31.Ng5 Nge6 32.Kh1 Qg7 33.Qh4 Nxg5 34.Bxg5 Re6 35.f3 
f4 36.gxf4 h6 37.Bd8 exf4 38.Rb2 Rg6 39.Re2 Kh7 40.Be7 Rg8 0-1

[Event "VII Festival Magistrale"]
[Site "Montecatini Terme ITA"]
[Date "1998.08.03"]
[Round "3"]
[White "Stevic, Hrvoje"]
[Black "Corvi, Marco"]
[Result "1-0"]
[WhiteElo "2465"]
[BlackElo "2305"]
[PlyCount "67"]
[EventDate "1998.08.01"]

1.e4 c5 2.c3 Nf6 3.e5 Nd5 4.g3 Nc6 5.Bg2 e6 6.Qe2 Qc7 7.f4 Be7 8.Nf3 f5 9.
exf6 Nxf6 10.O-O O-O 11.d3 b6 12.Nbd2 Bb7 13.Ng5 Rae8 14.Nde4 Nd8 15.Bd2 
Nf7 16.Nxf6+ gxf6 17.Nf3 f5 18.Rae1 Bf6 19.h3 Ba6 20.b3 Kh8 21.g4 Rg8 22.
g5 Bg7 23.Nh4 Rgf8 24.Nxf5 exf5 25.Qxe8 Rxe8 26.Rxe8+ Bf8 27.Rxf8+ Kg7 28.
Re8 Qd6 29.c4 Qxd3 30.Rf2 b5 31.cxb5 Qxb5 32.Bc3+ Kg6 33.Rg8+ Kh5 34.Rg7 
1-0

[Event "VII Festival Magistrale"]
[Site "Montecatini Terme ITA"]
[Date "1998.08.03"]
[Round "3"]
[White "Sulava, Nenad"]
[Black "Solinas, Carlo"]
[Result "1-0"]
[WhiteElo "2380"]
[BlackElo "2160"]
[PlyCount "67"]
[EventDate "1998.08.01"]

1.Nf3 Nf6 2.g3 d6 3.d4 g6 4.b3 Bg7 5.Bb2 O-O 6.Bg2 e5 7.dxe5 Ng4 8.Nc3 
Nxe5 9.Nxe5 Bxe5 10.Qd2 Nc6 11.O-O-O Be6 12.h4 h5 13.f4 Bg7 14.Ne4 Bxb2+ 
15.Kxb2 d5 16.Ng5 Qf6+ 17.Kb1 Rfd8 18.Nxe6 fxe6 19.g4 a5 20.gxh5 a4 21.
Rhg1 axb3 22.cxb3 Qf5+ 23.Qd3 Nb4 24.Qxf5 exf5 25.a4 b5 26.Bh3 bxa4 27.
Rxg6+ Kf8 28.Rdg1 a3 29.Bxf5 Ke7 30.Rg7+ Kd6 31.R1g6+ Kc5 32.Rxc7+ Kd4 33.
Re6 a2+ 34.Ka1 1-0

[Event "VII Festival Magistrale"]
[Site "Montecatini Terme ITA"]
[Date "1998.08.03"]
[Round "3"]
[White "Wagman, Stuart"]
[Black "Grosar, Kiti"]
[Result "1-0"]
[WhiteElo "2170"]
[BlackElo "2290"]
[PlyCount "116"]
[EventDate "1998.08.01"]

1.e4 c5 2.Nf3 d6 3.d4 cxd4 4.Nxd4 Nf6 5.Nc3 Nc6 6.Be2 e5 7.Nf3 h6 8.O-O 
Be7 9.Re1 O-O 10.h3 Be6 11.Bf1 Nb8 12.a4 Nbd7 13.a5 a6 14.Nd5 Nxd5 15.exd5
Bf5 16.Be3 Bh7 17.Nd2 Bg5 18.Nc4 Bxe3 19.Rxe3 Qe7 20.Rb3 Rab8 21.Nb6 Nxb6 
22.Rxb6 f5 23.c4 Rbc8 24.Qb3 Rc7 25.c5 Rxc5 26.Rxb7 Qf6 27.Bxa6 f4 28.Rb8 
Be4 29.Rxf8+ Kxf8 30.Bc4 Qg5 31.f3 Bxf3 32.Qxf3 Rxc4 33.a6 Qd8 34.a7 Rc8 
35.Qb3 Ra8 36.Qb7 Kg8 37.b4 e4 38.b5 f3 39.Qxa8 Qxa8 40.b6 Kh7 41.b7 Qxb7 
42.a8=Q Qb2 43.Qa2 Qd4+ 44.Kh1 f2 45.Rf1 e3 46.Qc2+ g6 47.Qe2 Qe5 48.Rc1 
h5 49.Qf3 Kh6 50.g3 g5 51.Kg2 Kg6 52.Rc7 Qe8 53.Kf1 Qb5+ 54.Kg2 f1=Q+ 55.
Qxf1 Qxd5+ 56.Kg1 g4 57.hxg4 hxg4 58.Qe2 Qd2 1-0

[Event "VII Festival Magistrale"]
[Site "Montecatini Terme ITA"]
[Date "1998.08.04"]
[Round "4"]
[White "Arlandi, Ennio"]
[Black "Horvath, Jozsef"]
[Result "1/2-1/2"]
[WhiteElo "2440"]
[BlackElo "2530"]
[PlyCount "32"]
[EventDate "1998.08.01"]

1.d4 g6 2.c4 Bg7 3.e4 d6 4.Nc3 e5 5.Nge2 exd4 6.Nxd4 Nc6 7.Be3 Nge7 8.Be2 
O-O 9.O-O f5 10.exf5 Bxd4 11.Bxd4 Nxf5 12.Be3 Nxe3 13.fxe3 Be6 14.Qd2 Qe7 
15.b3 Rxf1+ 16.Rxf1 Rf8 1/2-1/2

[Event "VII Festival Magistrale"]
[Site "Montecatini Terme ITA"]
[Date "1998.08.04"]
[Round "4"]
[White "Arnold, Johannes"]
[Black "Lebel, Patrick"]
[Result "1-0"]
[WhiteElo "2325"]
[BlackElo "2165"]
[PlyCount "51"]
[EventDate "1998.08.01"]

1.d4 e6 2.c4 f5 3.g3 Nf6 4.Bg2 d5 5.Qc2 c6 6.Nh3 Be7 7.O-O O-O 8.Nd2 b5 9.
cxb5 cxb5 10.Nb3 Bd7 11.Nc5 Nc6 12.Nxe6 Nb4 13.Qxf5 Qb6 14.Nhf4 Rae8 15.a3
Na6 16.Bxd5 Nxd5 17.Qxd5 Bc6 18.Qb3 Kh8 19.Nxf8 Rxf8 20.d5 Bd7 21.Be3 Nc5 
22.Bxc5 Bxc5 23.e3 Bd6 24.Ne6 Rf6 25.Rac1 h5 26.Qc3 1-0

[Event "VII Festival Magistrale"]
[Site "Montecatini Terme ITA"]
[Date "1998.08.04"]
[Round "4"]
[White "Badea, Bela"]
[Black "Ellers, Holger"]
[Result "1-0"]
[WhiteElo "2530"]
[BlackElo "2425"]
[PlyCount "143"]
[EventDate "1998.08.01"]

1.Nf3 Nf6 2.g3 d5 3.Bg2 e6 4.O-O Be7 5.c4 O-O 6.b3 a5 7.Nc3 c6 8.d4 b6 9.
Bb2 Ba6 10.a4 Ra7 11.cxd5 cxd5 12.Nb5 Bxb5 13.axb5 Qe8 14.Qd3 Ne4 15.Rfc1 
Nd6 16.Ne5 Qxb5 17.Qc2 Qa6 18.Qd2 Re8 19.Ba3 Nf5 20.Bxe7 Nxe7 21.e3 Qb7 
22.Bf1 Rd8 23.Bb5 f6 24.Nd3 Nf5 25.Nf4 Qe7 26.Bd3 Nd6 27.Rc3 Ne4 28.Bxe4 
dxe4 29.Qc2 e5 30.Ne2 f5 31.Rc8 Nd7 32.Qc4+ Kh8 33.Rxd8+ Qxd8 34.Qe6 exd4 
35.Nxd4 Nc5 36.Qxf5 Qg8 37.Qg4 Ra8 38.Rb1 Qf7 39.Qf5 Qe7 40.Nc6 Qd6 41.Ne5
Qf6 42.Qxf6 gxf6 43.Nc4 b5 44.Nxa5 Nd3 45.Nc6 b4 46.Nd4 Ra2 47.Rf1 Ne5 48.
h3 h5 49.f3 exf3 50.Nxf3 Re2 51.Nxe5 fxe5 52.Rf5 Rxe3 53.Kf2 Rxb3 54.Rxh5+
Kg7 55.Rxe5 Rb1 56.Rb5 b3 57.Kf3 b2 58.Kg4 Kf7 59.Rb6 Kg7 60.Kh4 Kf7 61.g4
Kg7 62.g5 Kf7 63.Kh5 Rh1 64.Rb7+ Ke6 65.Rxb2 Rxh3+ 66.Kg6 Re3 67.Rf2 Ke7 
68.Kg7 Ke8 69.g6 Ke7 70.Kg8 Re1 71.g7 Re3 72.Rh2 1-0

[Event "VII Festival Magistrale"]
[Site "Montecatini Terme ITA"]
[Date "1998.08.04"]
[Round "4"]
[White "Costantini, Roberto"]
[Black "Sarno, Spartaco"]
[Result "0-1"]
[WhiteElo "2190"]
[BlackElo "2365"]
[PlyCount "77"]
[EventDate "1998.08.01"]

1.e4 d6 2.d4 Nf6 3.Nc3 g6 4.Bg5 Bg7 5.Qd2 O-O 6.f4 c6 7.Nf3 b5 8.Bd3 Nbd7 
9.e5 Ne8 10.O-O-O f6 11.exf6 exf6 12.Bh4 Nb6 13.Kb1 d5 14.f5 Nc4 15.Bxc4 
bxc4 16.fxg6 hxg6 17.Bg3 Nd6 18.Bxd6 Qxd6 19.Na4 Re8 20.Nc5 Be6 21.Rde1 
Bf7 22.Rhf1 Rxe1+ 23.Rxe1 Re8 24.Rxe8+ Bxe8 25.Qe3 Kf7 26.g3 Qe7 27.Qxe7+ 
Kxe7 28.Kc1 g5 29.g4 Bh6 30.Kd1 Bg6 31.c3 Bb1 32.a3 Bf8 33.Ke2 Kf7 34.Nb7 
Ke6 35.h3 Be7 36.Ke3 Be4 37.Kf2 Bh7 38.Ke3 Kd7 39.h4 0-1

[Event "VII Festival Magistrale"]
[Site "Montecatini Terme ITA"]
[Date "1998.08.04"]
[Round "4"]
[White "De Bortoli, Peter"]
[Black "Stevic, Hrvoje"]
[Result "1/2-1/2"]
[WhiteElo "2215"]
[BlackElo "2465"]
[PlyCount "82"]
[EventDate "1998.08.01"]

1.e4 c5 2.Nf3 e6 3.d4 cxd4 4.Nxd4 Nf6 5.Bd3 Nc6 6.Nxc6 dxc6 7.Be3 e5 8.f3 
Nh5 9.Qd2 Be6 10.O-O Nf4 11.Bxf4 exf4 12.Qxf4 Qd4+ 13.Kh1 Qxb2 14.Nd2 Qd4 
15.Qg3 Bb4 16.Nb3 Qe3 17.Qe5 O-O-O 18.f4 Rhe8 19.Qb2 f6 20.a3 Bf8 21.Rab1 
Qb6 22.Na5 Qxb2 23.Rxb2 b6 24.Nxc6 Bxa3 25.Nxa7+ Kb7 26.Rbb1 Bd7 27.Nb5 
Bc5 28.Rfe1 h6 29.Nc3 Bc6 30.Nd5 f5 31.c4 fxe4 32.Bxe4 Ra8 33.Bf3 Rxe1+ 
34.Rxe1 Ra4 35.Rc1 Ba3 36.Rc2 Bc5 37.h4 Bd6 38.g3 Ra3 39.Kg2 Bc5 40.Rc3 
Ra2+ 41.Kh3 Bd7+ 1/2-1/2

[Event "VII Festival Magistrale"]
[Site "Montecatini Terme ITA"]
[Date "1998.08.04"]
[Round "4"]
[White "De Kleuver, Esther"]
[Black "Scavo, Fernando"]
[Result "1-0"]
[WhiteElo "2220"]
[BlackElo "2290"]
[PlyCount "85"]
[EventDate "1998.08.01"]

1.e4 e6 2.d3 d5 3.Qe2 Ne7 4.Nf3 c5 5.g3 Nbc6 6.Bg2 g6 7.O-O Bg7 8.c3 b6 9.
e5 a5 10.Bf4 h6 11.h4 Ba6 12.Nbd2 a4 13.a3 Qc7 14.Rfe1 b5 15.Nf1 Na5 16.
N1h2 Nb3 17.Rad1 h5 18.Ng5 Rd8 19.Nhf3 Nf5 20.Bh3 b4 21.Qc2 bxa3 22.bxa3 
Rb8 23.c4 dxc4 24.dxc4 O-O 25.g4 Nfd4 26.Qd3 Nxf3+ 27.Qxf3 Bb7 28.Qg3 Qc6 
29.Kh2 hxg4 30.Bxg4 Nd4 31.Rxd4 cxd4 32.h5 Ba8 33.hxg6 Rb3 34.f3 Rb2+ 35.
Kh3 Rb6 36.gxf7+ Rxf7 37.Nxf7 Kxf7 38.Bh5+ Kf8 39.Qg6 Rb7 40.Rb1 Kg8 41.
Rxb7 Qxb7 42.Qe8+ Kh7 43.Bg6# 1-0

[Event "VII Festival Magistrale"]
[Site "Montecatini Terme ITA"]
[Date "1998.08.04"]
[Round "4"]
[White "De Waal, Ton"]
[Black "Greenfeld, Alon"]
[Result "0-1"]
[WhiteElo "2275"]
[BlackElo "2535"]
[PlyCount "68"]
[EventDate "1998.08.01"]

1.e4 c5 2.c3 Nf6 3.e5 Nd5 4.d4 cxd4 5.Nf3 Nc6 6.Bc4 Nb6 7.Bb3 d5 8.exd6 
Qxd6 9.O-O Be6 10.Bxe6 Qxe6 11.Nxd4 Nxd4 12.Qxd4 Rd8 13.Qh4 Qe2 14.Bd2 h5 
15.h3 e6 16.Re1 Qb5 17.b3 Qf5 18.Qf4 Qxf4 19.Bxf4 Bc5 20.Nd2 Nd5 21.Be5 f6
22.Ne4 Be7 23.Bd4 b6 24.Rad1 e5 25.Be3 f5 26.Ng3 f4 27.Bxf4 Nxf4 28.Rxd8+ 
Kxd8 29.Rxe5 Bd6 30.Rg5 Re8 31.Rxg7 Re1+ 32.Kh2 Nd3 33.Rh7 Nxf2 34.Rxh5 
Rh1# 0-1

[Event "VII Festival Magistrale"]
[Site "Montecatini Terme ITA"]
[Date "1998.08.04"]
[Round "4"]
[White "Farago, Ivan"]
[Black "Loncar, Robert"]
[Result "1-0"]
[WhiteElo "2530"]
[BlackElo "2410"]
[PlyCount "67"]
[EventDate "1998.08.01"]

1.d4 Nf6 2.c4 d6 3.Nc3 Bf5 4.Nf3 h6 5.g3 c6 6.Bg2 e6 7.d5 cxd5 8.cxd5 e5 
9.O-O Qd7 10.e4 Bh7 11.Nd2 Be7 12.a4 O-O 13.Nc4 Na6 14.Re1 Rfc8 15.Bf1 Nc5
16.f3 Qd8 17.Be3 Nfd7 18.b4 Na6 19.Nb5 Nb6 20.Nxb6 axb6 21.Rb1 f5 22.exf5 
Bxf5 23.Bd3 Bxd3 24.Qxd3 Nb8 25.Qg6 Bf6 26.Rbc1 Na6 27.Bxh6 Nxb4 28.Nxd6 
Rxc1 29.Rxc1 Qe7 30.Nc8 Qd8 31.Bxg7 Bxg7 32.Qe6+ Kf8 33.Nxb6 Nc6 34.Nd7+ 
1-0

[Event "VII Festival Magistrale"]
[Site "Montecatini Terme ITA"]
[Date "1998.08.04"]
[Round "4"]
[White "Franco Ocampos, Zenon"]
[Black "Drei, Andrea"]
[Result "1-0"]
[WhiteElo "2485"]
[BlackElo "2340"]
[PlyCount "87"]
[EventDate "1998.08.01"]

1.d4 Nf6 2.c4 e6 3.Nf3 b6 4.e3 Bb7 5.Bd3 d5 6.O-O Bd6 7.Nc3 a6 8.b3 Nbd7 
9.Bb2 Ne4 10.Ne2 O-O 11.Rc1 Rc8 12.Ng3 Qe7 13.Qe2 Nxg3 14.hxg3 dxc4 15.
Rxc4 b5 16.Rc2 e5 17.Nxe5 Bxe5 18.dxe5 g6 19.f4 f6 20.exf6 Nxf6 21.Bxf6 
Qxf6 22.e4 Rfd8 23.e5 Qb6+ 24.Kh2 Rd4 25.Rd2 Rcd8 26.Rfd1 c5 27.Bc2 Qc6 
28.Rxd4 cxd4 29.Bd3 Kg7 30.Rd2 Qd5 31.Rc2 Rc8 32.Rxc8 Bxc8 33.g4 Qd8 34.
Kg3 Be6 35.f5 Bd5 36.Qb2 Bb7 37.f6+ Kf7 38.g5 Qd5 39.Qe2 Qc5 40.e6+ Kg8 
41.Kf4 Qc1+ 42.Kg4 Qe3 43.Qxe3 dxe3 44.Kf4 1-0

[Event "VII Festival Magistrale"]
[Site "Montecatini Terme ITA"]
[Date "1998.08.04"]
[Round "4"]
[White "Grosse-Kloenne, Elmar"]
[Black "Mollero, Michele"]
[Result "1/2-1/2"]
[WhiteElo "2280"]
[BlackElo "2160"]
[PlyCount "43"]
[EventDate "1998.08.01"]

1.e4 c6 2.d4 d5 3.exd5 cxd5 4.Bd3 Nc6 5.c3 Nf6 6.Bf4 Bg4 7.Qb3 Qd7 8.Nd2 
e6 9.Ngf3 Bxf3 10.Nxf3 Bd6 11.Bxd6 Qxd6 12.Qxb7 Rb8 13.Qa6 O-O 14.Bb5 Rb6 
15.Qa4 Ne7 16.O-O Rfb8 17.Bd3 Qc7 18.Rab1 Rxb2 19.Qa3 R2b6 20.Rxb6 Rxb6 
21.Rb1 Rxb1+ 22.Bxb1 1/2-1/2

[Event "VII Festival Magistrale"]
[Site "Montecatini Terme ITA"]
[Date "1998.08.04"]
[Round "4"]
[White "Held, Markus"]
[Black "Sulava, Nenad"]
[Result "0-1"]
[WhiteElo "2245"]
[BlackElo "2380"]
[PlyCount "66"]
[EventDate "1998.08.01"]

1.e4 c5 2.Nf3 e6 3.d4 cxd4 4.Nxd4 a6 5.Bd3 Bc5 6.Nb3 Be7 7.O-O d6 8.Qe2 
Nd7 9.f4 Qc7 10.c4 b6 11.Nc3 Ngf6 12.Bd2 Nc5 13.Nxc5 Qxc5+ 14.Kh1 Nd7 15.
Rae1 Bb7 16.e5 dxe5 17.fxe5 Rd8 18.Bf4 Bh4 19.Rd1 g5 20.Qh5 gxf4 21.Qxh4 
Qxe5 22.Rxf4 Nc5 23.Re1 Qxe1+ 24.Qxe1 Nxd3 25.Qf1 Nxf4 26.Qxf4 Rg8 27.h3 
Rxg2 28.Qc7 Bf3 29.Qf4 Ba8 30.Nd5 Rg8 31.Qe5 Rxd5 32.cxd5 Bxd5+ 33.Kh2 
Rg2+ 0-1

[Event "VII Festival Magistrale"]
[Site "Montecatini Terme ITA"]
[Date "1998.08.04"]
[Round "4"]
[White "Horvath, Csaba"]
[Black "Belotti, Bruno"]
[Result "1/2-1/2"]
[WhiteElo "2540"]
[BlackElo "2430"]
[PlyCount "39"]
[EventDate "1998.08.01"]

1.d4 Nf6 2.c4 c5 3.d5 b5 4.Nf3 Bb7 5.a4 b4 6.Nbd2 d6 7.b3 g6 8.Bb2 Bg7 9.
g3 O-O 10.Bh3 Re8 11.O-O Nbd7 12.Qc2 Nf8 13.e4 e6 14.Rae1 Qc7 15.Qb1 Rad8 
16.Qa1 Nh5 17.Bxg7 Nxg7 18.Nh4 exd5 19.exd5 f5 20.f4 1/2-1/2

[Event "VII Festival Magistrale"]
[Site "Montecatini Terme ITA"]
[Date "1998.08.04"]
[Round "4"]
[White "Jansa, Vlastimil"]
[Black "Vallejo Pons, Francisco"]
[Result "0-1"]
[WhiteElo "2490"]
[BlackElo "2450"]
[PlyCount "86"]
[EventDate "1998.08.01"]

1.e4 e6 2.d4 d5 3.Nd2 Nf6 4.e5 Nfd7 5.f4 c5 6.c3 Nc6 7.Ndf3 Qb6 8.a3 Be7 
9.b4 cxd4 10.cxd4 O-O 11.Bd3 f5 12.Ne2 Qd8 13.Rg1 Nb6 14.g4 Qe8 15.h3 Bd7 
16.Ng3 Kh8 17.Ra2 Rc8 18.Nh5 g6 19.Nf6 Bxf6 20.exf6 Rxf6 21.Ne5 Rf8 22.
gxf5 gxf5 23.Rag2 Qe7 24.Be3 Nxe5 25.fxe5 Qh4+ 26.Bf2 Qxh3 27.Qd2 f4 28.
Rg7 Rc1+ 29.Qxc1 Qxd3 30.Qc5 Qb1+ 31.Kd2 Nc4+ 32.Qxc4 dxc4 33.Rxb1 Kxg7 
34.Rg1+ Kf7 35.Rh1 Kg6 36.Rg1+ Kh5 37.Rg7 Bc6 38.Rd7 Rg8 39.d5 Bxd5 40.
Bxa7 Ra8 41.Bd4 Rxa3 42.Bc3 Ra2+ 43.Kc1 f3 0-1

[Event "VII Festival Magistrale"]
[Site "Montecatini Terme ITA"]
[Date "1998.08.04"]
[Round "4"]
[White "Khmelnitsky, Sergei"]
[Black "Godena, Michele"]
[Result "1-0"]
[WhiteElo "2395"]
[BlackElo "2510"]
[PlyCount "65"]
[EventDate "1998.08.01"]

1.e4 c5 2.Nf3 Nc6 3.d4 cxd4 4.Nxd4 d6 5.Nc3 e6 6.Be3 Nf6 7.Qd2 Be7 8.f3 a6
9.g4 Qc7 10.O-O-O b5 11.h4 Bb7 12.g5 Nd7 13.a3 Na5 14.Qf2 Ne5 15.Nxe6 fxe6
16.Bb6 Qd7 17.Bxa5 O-O 18.Be2 Rac8 19.Qe3 Nc4 20.Bxc4 Rxc4 21.Rh2 d5 22.
exd5 exd5 23.Re2 Bc5 24.Qd3 Rxh4 25.Ne4 Be7 26.Rg1 Kh8 27.Bc3 Qf5 28.Qd4 
Qf7 29.Nd6 Bxd6 30.Qxh4 Bf4+ 31.Kb1 d4 32.g6 Qg8 33.Bxd4 1-0

[Event "VII Festival Magistrale"]
[Site "Montecatini Terme ITA"]
[Date "1998.08.04"]
[Round "4"]
[White "Leventic, Ivan"]
[Black "Colovic, Aleksandar"]
[Result "1/2-1/2"]
[WhiteElo "2375"]
[BlackElo "2390"]
[PlyCount "90"]
[EventDate "1998.08.01"]

1.e4 c5 2.Nf3 d6 3.d4 cxd4 4.Nxd4 Nf6 5.Nc3 a6 6.Bg5 e6 7.Qf3 Nbd7 8.O-O-O
Qc7 9.Bxf6 Nxf6 10.g4 b5 11.a3 Rb8 12.g5 Nd7 13.Qe3 Be7 14.f4 b4 15.axb4 
Rxb4 16.Nb3 O-O 17.h4 Nc5 18.Nxc5 dxc5 19.b3 Bb7 20.Bc4 Rb8 21.Rd3 Qa5 22.
Kd2 Bc6 23.Ke2 Bb5 24.Bxb5 axb5 25.Rd7 Bf8 26.Rhd1 Qa8 27.Rc7 Rd8 28.Rdd7 
Rxd7 29.Rxd7 Qc6 30.Rd1 g6 31.Kf3 h5 32.Na2 Rd4 33.Rxd4 cxd4 34.Qd3 e5 35.
Nc1 exf4 36.Qd2 Qc8 37.Qf2 Bd6 38.Nd3 Qc3 39.Qe2 Bc7 40.e5 Qc6+ 41.Kxf4 
Qh1 42.Kg3 Qg1+ 43.Kh3 Qh1+ 44.Kg3 Qg1+ 45.Kh3 Qh1+ 1/2-1/2

[Event "VII Festival Magistrale"]
[Site "Montecatini Terme ITA"]
[Date "1998.08.04"]
[Round "4"]
[White "Malakhov, Vladimir"]
[Black "Tratar, Marko"]
[Result "1/2-1/2"]
[WhiteElo "2550"]
[BlackElo "2450"]
[PlyCount "96"]
[EventDate "1998.08.01"]

1.e4 c5 2.Nf3 d6 3.d4 cxd4 4.Nxd4 Nf6 5.Nc3 a6 6.Be2 e6 7.a4 Nc6 8.Be3 Be7
9.O-O O-O 10.f4 Qc7 11.Kh1 Re8 12.Bf3 Rb8 13.g4 Bf8 14.g5 Nd7 15.Bg2 g6 
16.Qe1 b6 17.Qh4 Bb7 18.Rf3 Bg7 19.Rd1 Ne7 20.Rh3 Nf8 21.Qf2 Bc8 22.Rg3 e5
23.fxe5 dxe5 24.Rf1 exd4 25.Qxf7+ Kh8 26.Qxe8 Be6 27.Bf4 Rxe8 28.Bxc7 dxc3
29.bxc3 Nd7 30.Rb1 Rc8 31.Bxb6 Rb8 32.a5 Nc6 33.Rd3 Nxa5 34.Rd6 Nf8 35.Bf1
Ba2 36.Rb4 Nb7 37.Rd1 a5 38.Bxa5 Ra8 39.Bb6 Bxc3 40.Bd4+ Bxd4 41.Rbxd4 Nc5
42.h4 h6 43.gxh6 Kh7 44.Bb5 Nfe6 45.Rb4 Ra3 46.Bc4 Bxc4 47.Rxc4 Rh3+ 48.
Kg1 Rxh4 1/2-1/2

[Event "VII Festival Magistrale"]
[Site "Montecatini Terme ITA"]
[Date "1998.08.04"]
[Round "4"]
[White "Manca, Federico"]
[Black "Martinez Martin, David"]
[Result "1-0"]
[WhiteElo "2380"]
[BlackElo "2285"]
[PlyCount "57"]
[EventDate "1998.08.01"]

1.e4 e6 2.d4 d5 3.Nc3 Bb4 4.e5 c5 5.a3 Bxc3+ 6.bxc3 Nc6 7.Nf3 Qa5 8.Bd2 
Qa4 9.dxc5 Qe4+ 10.Be3 Nxe5 11.Nxe5 Qxe5 12.Bb5+ Bd7 13.Bxd7+ Kxd7 14.O-O 
Nf6 15.Rb1 Qc7 16.c4 Ke7 17.Qf3 Rad8 18.cxd5 Rxd5 19.c4 Rd2 20.c6 Qxc6 21.
Qxc6 bxc6 22.Bc5+ Ke8 23.Rb8+ Rd8 24.Rb7 Ne4 25.Be3 Nd6 26.Rxa7 Nxc4 27.
Rb1 Nd6 28.Bc5 Rf8 29.Rbb7 1-0

[Event "VII Festival Magistrale"]
[Site "Montecatini Terme ITA"]
[Date "1998.08.04"]
[Round "4"]
[White "Nannelli, Paolo"]
[Black "Taeger, Torsten"]
[Result "1/2-1/2"]
[WhiteElo "2265"]
[BlackElo "2160"]
[PlyCount "43"]
[EventDate "1998.08.01"]

1.d4 g6 2.Nf3 Bg7 3.c4 Nf6 4.Nc3 d6 5.e4 O-O 6.Be2 e5 7.d5 a5 8.Bg5 h6 9.
Bh4 Na6 10.Nd2 Nc5 11.O-O g5 12.Bg3 Ne8 13.Bg4 Nxe4 14.Ndxe4 f5 15.f3 fxg4
16.fxg4 Rxf1+ 17.Kxf1 Nf6 18.h3 Bd7 19.Kg1 Qe7 20.Bf2 b6 21.b3 Be8 22.Qe2 
1/2-1/2

[Event "VII Festival Magistrale"]
[Site "Montecatini Terme ITA"]
[Date "1998.08.04"]
[Round "4"]
[White "Ovsejevitsch, Sergei"]
[Black "Lanzani, Mario"]
[Result "1-0"]
[WhiteElo "2500"]
[BlackElo "2395"]
[PlyCount "93"]
[EventDate "1998.08.01"]

1.d4 Nf6 2.c4 g6 3.Nc3 Bg7 4.e4 d6 5.Nf3 O-O 6.Be2 e5 7.O-O Na6 8.Re1 Nh5 
9.Bg5 Qe8 10.Qd2 c6 11.Rad1 Bg4 12.d5 c5 13.h3 Bd7 14.Nh2 Nf6 15.Ng4 Nxg4 
16.hxg4 Nc7 17.b3 b5 18.Rc1 b4 19.Nd1 a5 20.f3 a4 21.Nf2 f6 22.Be3 Qb8 23.
Nd3 axb3 24.axb3 Ra3 25.Rb1 Qb7 26.f4 exf4 27.Bxf4 Qa6 28.Kh1 Ne8 29.Qe3 
g5 30.Bg3 Qc8 31.Nf2 Qd8 32.Qd3 Qc8 33.Qf3 Ra2 34.Nd1 h5 35.gxh5 f5 36.h6 
Bxh6 37.Qh5 Kg7 38.exf5 Bxf5 39.Bd3 Bxd3 40.Re7+ Kg8 41.Qxh6 Bxb1 42.Qxg5+
Kh8 43.Ne3 Ra6 44.Qh5+ Kg8 45.Ng4 Rf1+ 46.Kh2 Kf8 47.Bh4 1-0

[Event "VII Festival Magistrale"]
[Site "Montecatini Terme ITA"]
[Date "1998.08.04"]
[Round "4"]
[White "Palac, Mladen"]
[Black "Brumen, Dinko"]
[Result "1-0"]
[WhiteElo "2560"]
[BlackElo "2355"]
[PlyCount "97"]
[EventDate "1998.08.01"]

1.e4 c5 2.Nf3 Nc6 3.d4 cxd4 4.Nxd4 e5 5.Nb5 d6 6.c4 Be7 7.N1c3 a6 8.Na3 
Be6 9.Be2 Bg5 10.Nc2 Bxc1 11.Rxc1 Nf6 12.O-O O-O 13.Qd2 Qb8 14.Rfe1 Rd8 
15.Bf1 Qa7 16.b3 Rac8 17.h3 h6 18.Kh2 Qb8 19.a4 Nd7 20.Re3 Kh7 21.Nd5 Bxd5
22.exd5 Ne7 23.a5 f5 24.b4 Rf8 25.f4 Ng6 26.fxe5 dxe5 27.d6 Rce8 28.c5 Qd8
29.Bc4 f4 30.Re4 Qh4 31.Ne1 Nf6 32.Bd3 Kh8 33.Nf3 Qh5 34.Kg1 Nh7 35.Qe2 
Nh4 36.Nxe5 f3 37.Rxh4 Qg5 38.Ng6+ Qxg6 39.Bxg6 Rxe2 40.Rg4 Ng5 41.Rf1 f2+
42.Kh2 Re1 43.Bd3 Re3 44.Rg3 Re1 45.h4 Ne4 46.Rf3 Re8 47.Rf4 Rxf1 48.Bxf1 
Nf6 49.g4 1-0

[Event "VII Festival Magistrale"]
[Site "Montecatini Terme ITA"]
[Date "1998.08.04"]
[Round "4"]
[White "Pernigotti, Carlo"]
[Black "Temi, Walter"]
[Result "1-0"]
[WhiteElo "1903"]
[BlackElo "2105"]
[PlyCount "63"]
[EventDate "1998.08.01"]

1. e4 b6 2. d4 Bb7 3. Nd2 e6 4. Ngf3 c5 5. c3 Nf6 6. Bd3 d5 7. e5 Nfd7 8. Qe2
Be7 9. Nf1 Qc8 10. Bg5 Bf8 11. Ng3 Ba6 12. O-O Bxd3 13. Qxd3 Qa6 14. Qd1 Nc6
15. Be3 h6 16. Ne1 O-O-O 17. f4 g6 18. a4 c4 19. h4 Ndb8 20. h5 Ne7 21. Nc2 Nf5
22. Nh1 Nc6 23. g4 Nxe3 24. Nxe3 gxh5 25. f5 hxg4 26. fxe6 fxe6 27. Qxg4 Re8
28. Rf6 Kc7 29. Rxe6 Qc8 30. Rxe8 Qxe8 31. Nxd5+ Kd8 32. Nf6 {...} 1-0